New Connextions Series Editor: David Christie 7 Food for Thought (Record no. 2494)

MARC details
000 -LEADER
fixed length control field 00361nam a22001337a 4500
008 - FIXED-LENGTH DATA ELEMENTS--GENERAL INFORMATION
fixed length control field 250320b |||||||| |||| 00| 0 eng d
020 ## - INTERNATIONAL STANDARD BOOK NUMBER
ISBN 0140808906
100 ## - MAIN ENTRY--AUTHOR
Author Scott Rosemary
245 ## - TITLE STATEMENT
Title New Connextions Series Editor: David Christie 7 Food for Thought
260 ## - PUBLICATION, DISTRIBUTION, ETC. (IMPRINT)
Place of publication New York
Name of publisher Penguin Group
Date of publication 1989
300 ## - COLLATION
Pagination 88p.
942 ## - ADDED ENTRY ELEMENTS (KOHA)
Item type Books
050 ## - LIBRARY OF CONGRESS CALL NUMBER
Classification number PE 1066
Item number .S36
Holdings
Source of classification or shelving scheme Not for loan Permanent location Current location Date acquired Accession No. Full call number Barcode. Koha item type
Library of Congress Classification   Samuel Ogbemudia Main Library, University of Abuja Samuel Ogbemudia Main Library, University of Abuja 03/20/2025 93/011595 PE 1066.S36 2025-0764 Books